Yokainoshima. Island of monsters. Japanese folk rituals.

Zapisane w:
Opis bibliograficzny
1. autor: Fréger, Charles (Autor)
Format: Nieznany
Wydane: London, England: Thames & Hudson, 2016.
Hasła przedmiotowe:
Etykiety: Dodaj etykietę
Nie ma etykietki, Dołącz pierwszą etykiete!

MARC

LEADER 00000 a2200000 4500
003 CL-VaPUC
005 20221024101600.0
008 221017t2016 ||||| |||| 00| 0 eng d
999 |c 436879  |d 436877 
020 |a 9780500544594 
040 |c Pontificia Universidad Católica de Valparaíso 
082 |a 779.93942 FRE 2016. 
100 |a Fréger, Charles  |9 872552  |e author 
245 |a Yokainoshima.  |b Island of monsters. Japanese folk rituals.  
260 |a London, England:  |b Thames & Hudson,  |c 2016. 
300 |a 255 páginas, fotografías a color. 
583 |k GC  |c 20221017 
650 |a Festivales  |z Japón   |x Disfraces y máscaras   |9 877648 
650 |a Fotografía artística   |x Festivales  |x Disfraces y máscaras   |9 877649  |z Japón  
942 |2 ddc  |c BK 
952 |0 0  |1 0  |2 ddc  |4 0  |6 779_939420000000000_FRE_2016  |7 0  |8 A  |9 587295  |a BIBARQ  |b BIBARQ  |c GEN  |d 2022-10-14  |e 3  |g 39768.00  |i 5655227  |l 4  |o 779.93942 FRE 2016.  |p 5655227  |r 2025-03-11  |s 2025-03-04  |t 1  |v 39768.00  |w 2022-10-14  |y BK  |k ARQ